[Event "Muensterland Regionalliga 1920"]
[Site "Germany"]
[Date "2019.11.30"]
[Round "4.8"]
[White "Horstmann, Michael"]
[Black "Wegener, Leon"]
[Result "1-0"]
[WhiteElo "1685"]
[BlackElo "1654"]
[PlyCount "99"]
[EventDate "2019.09.07"]
[EventType "team-tourn"]
[EventRounds "7"]
[EventCountry "GER"]
[SourceTitle "EXT 2023"]
[Source "ChessBase"]
[SourceDate "2022.10.05"]
[SourceVersion "1"]
[SourceVersionDate "2022.10.05"]
[SourceQuality "1"]
[WhiteTeam "Rheine Klein Berlin"]
[BlackTeam "Ahaus Wessum"]
[WhiteTeamCountry "GER"]
[BlackTeamCountry "GER"]

1. c4 Nf6 2. Nc3 g6 3. g3 Bg7 4. Bg2 c5 5. Nf3 Nc6 6. d4 cxd4 7. Nxd4 0-0 8. 0-0 Qb6 9. Nb3 d6 10. Bg5 Be6 11. Nd5 Qd8 12. Bxf6 Bxf6 13. Nxf6+ exf6 14. Rc1 Rc8 15. Nd4 Ne5 16. b3 b6 17. Nb5 Qe7 18. Qxd6 Qxd6 19. Nxd6 Rc7 20. Rcd1 Rd7 21. Nb5 Rfd8 22. Nc3 Rxd1 23. Rxd1 Rxd1+ 24. Nxd1 Bd7 25. Nc3 Nc6 26. Kf1 Kf8 27. Ke1 Ke7 28. Kd2 h6 29. f4 g5 30. e3 Kd6 31. Nd5 Ke6 32. Kc3 h5 33. Bf3 h4 34. e4 hxg3 35. hxg3 gxf4 36. gxf4 f5 37. e5 Bc8 38. Nf6 Ne7 39. Bd5+ Nxd5+ 40. cxd5+ Ke7 41. Kd4 Ba6 42. Ng8+ Kf8 43. Nf6 Ke7 44. a3 Bb7 45. Nh5 Bc8 46. Ng3 a6 47. Nf1 Bb7 48. Nd2 f6 49. Nc4 fxe5+ 50. Kxe5 1-0

[Event "Muensterland Regionalliga 1819"]
[Site "Germany"]
[Date "2019.03.23"]
[Round "8.8"]
[White "Wegener, Leon"]
[Black "Noering, Andreas"]
[Result "1/2-1/2"]
[WhiteElo "1624"]
[BlackElo "1822"]
[PlyCount "34"]
[EventDate "2018.09.08"]
[EventType "team-tourn"]
[EventRounds "9"]
[EventCountry "GER"]
[SourceTitle "EXT 2020"]
[Source "ChessBase"]
[SourceDate "2019.10.17"]
[SourceVersion "1"]
[SourceVersionDate "2019.10.17"]
[SourceQuality "1"]
[WhiteTeam "Ahaus Wessum"]
[BlackTeam "Emsdetten Rochade"]
[WhiteTeamCountry "GER"]
[BlackTeamCountry "GER"]

1. e4 e5 2. Nf3 Nf6 3. d3 Nc6 4. Be3 d5 5. exd5 Nxd5 6. Bd2 Be7 7. Nc3 0-0 8. Nxd5 Qxd5 9. Be2 Re8 10. 0-0 Bg4 11. c4 Qd7 12. Bc3 Bb4 13. Bxb4 Nxb4 14. Nxe5 Rxe5 15. Bxg4 Qxd3 16. a3 Qxd1 17. Raxd1 Nc6 1/2-1/2

[Event "Muensterland Verbandsliga 1516"]
[Site "Germany"]
[Date "2016.05.21"]
[Round "9.7"]
[White "Wegener, Leon"]
[Black "Lachmuth, Mathias"]
[Result "1-0"]
[WhiteElo "1329"]
[BlackElo "1758"]
[PlyCount "127"]
[EventDate "2015.09.12"]
[EventType "team"]
[EventRounds "9"]
[EventCountry "GER"]
[SourceTitle "EXT 2017"]
[Source "ChessBase"]
[SourceDate "2016.10.25"]
[SourceVersion "1"]
[SourceVersionDate "2016.10.25"]
[SourceQuality "1"]
[WhiteTeam "Ahaus Wessum"]
[BlackTeam "Emsdetten Rochade II"]
[WhiteTeamCountry "GER"]
[BlackTeamCountry "GER"]

1. e4 a6 2. Nf3 b5 3. c3 Bb7 4. d3 e6 5. Bf4 Nf6 6. g3 Be7 7. Bg2 0-0 8. 0-0 d6 9. Nbd2 Nbd7 10. Qc2 c5 11. d4 Rc8 12. Qd3 Qb6 13. e5 Nd5 14. Bg5 cxd4 15. Bxe7 Nxe7 16. exd6 Ng6 17. Qxd4 Rfd8 18. Rad1 Qxd4 19. Nxd4 Bxg2 20. Kxg2 Nc5 21. N4b3 Nd3 22. Ne4 Nxb2 23. Rd4 Rc6 24. Nbc5 Rb6 25. Rb1 e5 26. Rb4 f5 27. Ng5 h6 28. Nge6 Rdxd6 29. R4xb2 Rxe6 30. Nxe6 Rxe6 31. c4 bxc4 32. Rb8+ Kf7 33. R1b7+ Ne7 34. Rc8 Kf6 35. Rxc4 Nd5 36. Rc5 Ne7 37. Rcc7 g5 38. Ra7 f4 39. g4 e4 40. Rc3 e3 41. fxe3 Nd5 42. Rc1 Nxe3+ 43. Kf3 Nd5 44. Rb7 Re3+ 45. Kf2 Re6 46. Rb3 Ne3 47. Kf3 Rd6 48. a3 Re6 49. Rbc3 Re5 50. Rc6+ Kg7 51. Rc7+ Kf8 52. Rb1 Re8 53. Rbb7 Kg8 54. Rg7+ Kh8 55. Rh7+ Kg8 56. Rxh6 Nf1 57. Kf2 Ne3 58. Rg6+ Kh8 59. Rxg5 Nd1+ 60. Kf3 Nc3 61. Rgg7 Nd5 62. Rh7+ Kg8 63. Rbg7+ Kf8 64. Rh8+ 1-0